| 000 | 00633nam a22001817a 4500 | ||
|---|---|---|---|
| 003 | OSt | ||
| 005 | 20180523092644.0 | ||
| 008 | 180316b xxu||||| |||| 00| 0 spa d | ||
| 040 | _cPJ | ||
| 100 |
_9124 _aDel Vecchio, Giorgio |
||
| 245 | 1 | 0 |
_aPersona, estado y derecho / _cGiorgio del Vecchio; prólogo de Manuel Fraga Iribarne. |
| 260 |
_aMadrid : _bInstituto de Estudios Políticos, _c1957. |
||
| 300 |
_a582 p. _c19 cm. |
||
| 500 | _aCitas y notas bibliográficas a pie de algunas páginas. | ||
| 650 | 0 |
_9177 _aFILOSOFIA DEL DERECHO |
|
| 700 |
_9784 _aFraga Iribarne, Manuel _eprologuista |
||
| 942 |
_2udc _cLIB _h340.12 _iDEL |
||
| 999 |
_c575 _d575 |
||